Hướng dẫn sử dụng Điện Thoại

محفوظ في:
التفاصيل البيبلوغرافية
المؤلف الرئيسي: Bđiện -VH Xã
التنسيق: كتاب
اللغة:Vietnamese
منشور في: Bưu điện 2006
الوسوم: إضافة وسم
لا توجد وسوم, كن أول من يضع وسما على هذه التسجيلة!
Thư viện lưu trữ: Mạng thư viện Đại học Đà Nẵng
LEADER 00636nam a2200277 4500
001 000026471
003 498
005 20150325120000.0
008 150325s vm 000 vie
020 |c 22,0000 
040 |a NOTTS 
100 |a Bđiện -VH Xã 
245 |a Hướng dẫn sử dụng Điện Thoại 
260 |b Bưu điện  |c 2006 
300 |a 155tr. ; 
OWN |a LTT 
999 |a From the UDN01 
TYP |a Monograph 
TYP |a Printed language 
980 |a Mạng thư viện Đại học Đà Nẵng